00536nam a22001697a 450000500170000001000150001702000260003203500130005803700130007108200170008410000190010124500780012026000460019827000740024430000280031850000200034620150623121000.0 aENG-112861 c425.00a9789350352700 aEN-96393 bDBAD/PUB a347.54014092 aBhagwati, P.N. aMy tryst with justice /cby P.N. Bhagwati ; foreworded by Salman Khurshid aNew DelhibUniversal Law Publishingc2013 aC-FF-1A, Dilkhush Industrial Estate, G.T. Karnal Road,bDelhie110033 axviii, 205p. c24cm(Hb) aIncludes index